Abdülhamid'in kurtlarla dansı/ (Record no. 9004)
| 000 -BAŞLIK | |
|---|---|
| Sabit Uzunluktaki Kontrol Alanı | 02712nam a22003617a 4500 |
| 001 - KONTROL NUMARASI | |
| Control Dosyası | 0009032 |
| 003 - KONTROL NUMARASI KİMLİĞİ | |
| Kontrol Alanı | KOHA_MİRAKIL |
| 005 - EN SON İŞLEM TARİHİ ve ZAMANI | |
| Kontrol Alanı | 20260207001656.0 |
| 007 - FİZİKSEL TANIM SABİT ALAN - GENEL BİLGİ | |
| Sabit uzunluklu kontrol alanı | ta |
| 008 - SABİT UZUNLUKTAKİ VERİ ÖGELERİ - GENEL BİLGİ | |
| Sabit Alan | 091120b2009 tu |||gr||||#0|||0|tur | |
| 020 ## - ISBN - ULUSLARARASI STANDART KİTAP NUMARASI | |
| Isbn | 9786051140957 |
| Kullanılabilirlik koşulları | 6,5 |
| 040 ## - KATALOGLAMA KAYNAĞI | |
| Özgün Kataloglama Kurumu | TR-BiSEU |
| Kataloglama Dili | tur |
| Çeviri Kurumu | TR-BiSEU |
| Açıklama Kuralları | rda |
| 041 0# - DİL KODU | |
| Metin ya da ses kaydının dil kodu | tur |
| 044 ## - YAYINLAYAN/ÜRETEN KURULUŞUN ÜLKE KODU | |
| ISO country code | tu |
| 050 ## - SINIFLAMA ve YER NUMARASI | |
| Sınıflama Numarası | DR571.5 |
| Yer Numarası | .A76 2009 |
| 100 1# - KİŞİ ADI | |
| Yazar Adı (Kişi adı) | Armağan, Mustafa. |
| 245 1# - ESER ADI BİLDİRİMİ | |
| Başlık | Abdülhamid'in kurtlarla dansı/ |
| Sorumluluk Bildirimi | Mustafa Armağan ; Mustafa Armağan. |
| 264 #1 - ÜRERİM, YAYIN, DAĞITIM ve TELİF BİLDİRİMİ | |
| Yayın yeri | İstanbul : |
| Yayınlayan | Timaş Yayınları |
| Yayın tarihi | 2009 |
| 300 ## - FİZİKSEL TANIMLAMA | |
| Sayfa, Cilt vb. | 335 sayfa: resimli |
| 336 ## - İÇERİK TÜRÜ | |
| Content type term | metin |
| Content type code | txt |
| Source | rdacontent |
| 337 ## - MEDYA TÜRÜ | |
| Media type term | aracısız |
| Media type code | n |
| Source | rdamedia |
| 338 ## - TAŞIYICI TÜRÜ | |
| Carrier type term | cilt |
| Carrier type code | nc |
| Source | rdacarrier |
| 490 1# - DİZİ BİLDİRİMİ | |
| Dizi Bildirimi | Timaş Yayınları ; |
| Cilt Numarası | 2170. |
| 490 1# - DİZİ BİLDİRİMİ | |
| Dizi Bildirimi | Osmanlı Tarihi ; |
| Cilt Numarası | 42. |
| 500 ## - GENEL NOT | |
| Genel Not | Kaynakça var. |
| 505 ## - İÇİNDEKİLER NOTU | |
| İçindekiler Notu | Sultan II. Abdülhamid 33 yıl boyunca etrafı "kurtlar"la çevrili bir ülkeyi sağ salim sahile çıkarmanın mücadelesini verdi. Hasta Adam'ın mirasının paylaşılması konusu 1850'lerde gündeme gelmişti. 1878'de Rusya karşısındaki ağır yenilgimiz, emperyalizmin iştahını kabartmıştı ve Türkiye'de darbe üstüne darbe yapılıyordu. Önce Sultan Abdülaziz'e yapıldı darbe, sonra V |
| 650 #0 - KONU BAŞLIĞI EK GİRİŞ - KONU TERİMİ | |
| Konusal terim veya coğrafi ad | Abdulhamid II,Sultan of the Turks,1842-1918. |
| 9 (RLIN) | 22549 |
| 650 #0 - KONU BAŞLIĞI EK GİRİŞ - KONU TERİMİ | |
| Konusal terim veya coğrafi ad | Turkey--History Abdulhamid II, 1876-1909. |
| 9 (RLIN) | 22550 |
| 830 1# - SERİ EK GİRİŞİ - TEKBİÇİM ESER ADI | |
| Tekbiçim Başlık | Timaş Yayınları ; |
| Volume number/sequential designation | 2170. |
| 9 (RLIN) | 9767 |
| 830 1# - SERİ EK GİRİŞİ - TEKBİÇİM ESER ADI | |
| Tekbiçim Başlık | Osmanlı Tarihi ; |
| Volume number/sequential designation | 42. |
| 9 (RLIN) | 22551 |
| 907 ## - LOCAL DATA ELEMENT G, LDG (RLIN) | |
| a | Tarih |
| 942 ## - EK GİRİŞ ÖGELERİ (KOHA) | |
| Source of classification or shelving scheme | Library of Congress Classification |
| Koha item type | Book |
| 505 ## - İÇİNDEKİLER NOTU | |
| -- | rad'a. Sanıldı ki, Osmanlı'nın kaderi pamuk ipliğine bağlı. Nitekim Sultan Abdülhamid tahta geçtiğinde İngiliz Dışişleri Bakanı, kendisini tehdit etmiş, 'Ayağını denk alsın, ona da öncekilere yaptığımızı yaparız' demişti. |
| -- | Çöküş için gün sayılırken, bu 34 yaşındaki adam, 30 yılını adayacağı bir icraatın düğmesine basıyordu. Ülkeyi bir barış dönemine sokarken, kazanılan zamanda demiryolu ağından eğitim yatırımlarına kadar bir dolu projeye imza atıyordu. Kendisini feda etmişti ama 30 yılda yetiştirdiği nesil, Çanakkale'den Sina çölüne kadar emperyalizme karşı Akif'in deyişiyle 'kıta kapma' oyunu oynayacaktı. |
| -- | "Kızıl Sultan" demişlerdi ona. Kendi açılarından haklıydılar. Çünkü Osmanlı'nın paylaşımını pahalıya getirmişti Avrupa'ya. Kansız olacağını sandıkları Osmanlı gövdesindeki ameliyat, 30 yıllık gecikme sayesinde Avrupa'nın kanlı bir iç savaşına dönüşmüş ve bir dünya meselesi haline gelmişti. |
| -- | Osmanlı tarihini yeniden yazmaya koyulan Mustafa Armağan'ın titiz ve akıcı kaleminden Son Sultan'ın Kurtlarla Dansı... Kitabı okuyunca dansın bugün de devam ettiğini fark edeceksiniz |
| Materyal Türü | Kalıcı Konum | Mevcut Konum | Raf Yeri | Sınıflandırma Kaynağı | Edinim Bilgisi | Ana Konular | Alt Konular | Yer Numarası | Demirbaş Numarası | Fatura Tarihi | Maliyet, Alış Fiyatı | Maliyet, Yenileme Fiyatı | Geri Çekilme Durumu | Kayıp Durumu | Hasarlı Durumu | Kredi için değil | Kayıt Tarih | Toplam Ödünçverme | Son Görülme Tarihi | Son Kontrol Tarihi |
|---|---|---|---|---|---|---|---|---|---|---|---|---|---|---|---|---|---|---|---|---|
| Book | Prof. Dr. Azmi Özcan Kütüphanesi | Prof. Dr. Azmi Özcan Kütüphanesi | Uluğbey Salonu | Library of Congress Classification | Satın | DÜNYA TARİHİ (AVRUPA, ASYA, AFRİKA VB.) | Balkan Yarımadası | DR571.5 .A76 2009 | 0009032 | 20/11/2009 | 7.02 | 7.02 | 20/11/2009 | 36 | 05/12/2024 | 05/12/2024 |
